000
00258nam a2200109Ia 4500
008
231212s1978 xx 000 0 und d
041
_a
eng
082
_a
621.381
100
_a
Roddy
245
_a
Electronic Communication
260
_a
New Delhi
_b
Tata Mc
_c
1978
999
_c
959184
_d
959184